ბათუმის შოთა რუსთაველის სახელმწიფო უნივერსიტეტის ბიბლიოთეკა

Основной курс тригонометрии, развываемый на целесообразных задачах (ბიბ.ჩანაწერი № 47923)

000 -LEADER
fixed length control field 00736nam a2200205Ia 4500
001 - CONTROL NUMBER
control field 14800
003 - CONTROL NUMBER IDENTIFIER
control field GE_BSU
008 - FIXED-LENGTH DATA ELEMENTS--GENERAL INFORMATION
fixed length control field 181216s||||||||xx |||||||||||||| ||und||
040 ## - CATALOGING SOURCE
Transcribing agency GE_BSU
080 ## - UNIVERSAL DECIMAL CLASSIFICATION NUMBER
Universal Decimal Classification number 514.11(072)
100 ## - MAIN ENTRY--PERSONAL NAME
Personal name Андронов, И.К., Окунев,А. К.
245 ## - TITLE STATEMENT
Title Основной курс тригонометрии, развываемый на целесообразных задачах
245 ## - TITLE STATEMENT
Remainder of title Пособие для учителей)
260 ## - PUBLICATION, DISTRIBUTION, ETC.
Place of publication, distribution, etc. Москва
260 ## - PUBLICATION, DISTRIBUTION, ETC.
Name of publisher, distributor, etc. Учпедгиз.
260 ## - PUBLICATION, DISTRIBUTION, ETC.
Date of publication, distribution, etc. 1960
300 ## - PHYSICAL DESCRIPTION
Extent 132стр.20см.
653 ## - INDEX TERM--UNCONTROLLED
Uncontrolled term Основной курс тригонометрии, развываемый на целесообразных задачах
942 ## - ADDED ENTRY ELEMENTS (KOHA)
Koha item type წიგნი
ეგზემპლარები
Withdrawn status Lost status Damaged status Not for loan Date acquired Barcode Date last seen Price effective from Koha item type
        2018-12-17 15259 2018-12-17 2018-12-17 წიგნი